01058nam a22002417a 450000100060000000300080000600500170001400800410003103500190007204000350009104100080012608200330013410000250016724502320019226000800042430000370050450200760054150400330061765000440065070000400069470000430073470000390077782922BD-RjUL20240203183208.0240203s2018 bg a|||| m||| 00| 0 eng d a(BD-RjUL)82922 aBD-RjULbengcBD-RjULdBD-RjUL aeng 223a616.4624095492bULP 2018 aUllah, Md. Sk Shahid10aTNF-a 308 G /A Polymorphism associated with diabetes mellitus type 2 in Bangladeshi population /cSubmitted By Md. Sk Shahid Ullah ;6Supervisor : Kamal, Krishna Biswas, Co-Supervisor : Md. Abdul Kader Akoda, & Md. Ariful Haque aRajshahi :bInstitute of Biological Sciences, University of Rajshahi,c2018 axv, 118 leaves :bill, ;c29.cm. aThesis : Institute of Biological Sciences, University of Rajshahi, 2018 aReferences : Leaves 85 - 115 aDiabetes mellitusvDiseaseszBangladesh aBiswas, Kamal, Krishna, Supervisor  aAkoda, Md. Abdul Kader, Co-Supervisor  aHaque, Md. Ariful, Co-Supervisor